Normal view
MARC view
- Steven R.Schmid, Serope Kalpakjian
Entry Personal Name
001 - CONTROL NUMBER
- control field: 127770
003 - CONTROL NUMBER IDENTIFIER
- control field: NUST
005 - DATE AND TIME OF LATEST TRANSACTION
- control field: 20250206093001.0
008 - FIXED-LENGTH DATA ELEMENTS
- fixed length control field: 250206|| aca||aabn | a|a d
040 ## - CATALOGING SOURCE
- Original cataloging agency: NUST
- Transcribing agency: NUST
100 ## - HEADING--PERSONAL NAME
- Personal name: Steven R.Schmid, Serope Kalpakjian
670 ## - SOURCE DATA FOUND
- Source citation: Work cat.: (NUST)564801: Steven R.Schmid, Serope Kalpakjian, Manufacturing Engineering and Technology /, 2001
